Self-reported limitations and future directions in scholarly reports : (Record no. 121004)
[ view plain ]
| 000 -LEADER | |
|---|---|
| fixed length control field | 00552nam a2200181Ia 4500 |
| 008 - FIXED-LENGTH DATA ELEMENTS--GENERAL INFORMATION | |
| fixed length control field | 140626s9999 xx 000 0 und d |
| 100 ## - MAIN ENTRY--PERSONAL NAME | |
| Personal name | Brutus, Stephane. |
| 245 ## - TITLE STATEMENT | |
| Title | Self-reported limitations and future directions in scholarly reports : |
| Remainder of title | analysis and recommendations / |
| Statement of responsibility, etc | Stephane Brutus ... [et al.]. |
| 260 ## - PUBLICATION, DISTRIBUTION, ETC. (IMPRINT) | |
| Date of publication, distribution, etc | c2013. |
| 300 ## - PHYSICAL DESCRIPTION | |
| Extent | 39 : 1, page 48 |
| 440 ## - SERIES STATEMENT/ADDED ENTRY--TITLE | |
| Title | Journal of Management |
| 521 ## - TARGET AUDIENCE NOTE | |
| Target audience note | |
| 650 ## - SUBJECT ADDED ENTRY--TOPICAL TERM | |
| Topical term or geographic name as entry element | Limitations. |
| 650 ## - SUBJECT ADDED ENTRY--TOPICAL TERM | |
| Topical term or geographic name as entry element | Methodology. |
| 650 ## - SUBJECT ADDED ENTRY--TOPICAL TERM | |
| Topical term or geographic name as entry element | Research communication. |
| 650 ## - SUBJECT ADDED ENTRY--TOPICAL TERM | |
| Topical term or geographic name as entry element | Validity. |
| 942 ## - ADDED ENTRY ELEMENTS (KOHA) | |
| Koha item type | Periodicals |
| Withdrawn status | Lost status | Damaged status | Home library | Current library | Shelving location | Date acquired | Total Checkouts | Barcode | Date last seen | Price effective from | Koha item type |
|---|---|---|---|---|---|---|---|---|---|---|---|
| College Library | College Library | Periodical Section | 06/26/2014 | S0112 | 06/26/2014 | 06/26/2014 | Periodicals |